|
|
|
|
| LEADER |
02789nam a2200757 i 4500 |
| 001 |
nkc20162844002 |
| 003 |
CZ PrNK |
| 005 |
20180313103246.0 |
| 007 |
ta |
| 008 |
161027s2017 xr a g 000 jdcze |
| 015 |
|
|
|a cnb002844002
|
| 020 |
|
|
|a 978-80-270-0737-0
|q (brožováno)
|
| 035 |
|
|
|a (OCoLC)1028231784
|
| 040 |
|
|
|a BOA001
|b cze
|d ABA001
|e rda
|
| 041 |
1 |
|
|a cze
|a eng
|h cze
|
| 043 |
|
|
|a n-us-az
|a n-us-ut
|a n-us-nm
|
| 072 |
|
7 |
|a 821.162.3-3
|x Česká próza
|2 Konspekt
|9 25
|
| 080 |
|
|
|a 821.162.3-32
|2 MRF
|
| 080 |
|
|
|a 316.344.6-056.262
|2 MRF
|
| 080 |
|
|
|a 910.4
|2 MRF
|
| 080 |
|
|
|a (739.1)
|2 MRF
|
| 080 |
|
|
|a (739.2)
|2 MRF
|
| 080 |
|
|
|a (738.9)
|2 MRF
|
| 080 |
|
|
|a (0:82-32)
|2 MRF
|
| 080 |
|
|
|a (084.12)
|2 MRF
|
| 100 |
1 |
|
|a Jurda, Pavel,
|d 1970-
|7 mzk2005294854
|4 aut
|
| 245 |
1 |
0 |
|a Jmenuji se Hladový Bizon =
|b My name is Hungry Buffalo /
|c Pavel Jurda, Roman Franc ; překlad do angličtiny Sylva Ficová, Michael Beauchamp
|
| 246 |
3 |
1 |
|a My name is Hungry Buffalo
|
| 246 |
1 |
8 |
|a Bizon
|
| 250 |
|
|
|a Vydání první
|
| 264 |
|
1 |
|a Brno :
|b Roman Franc ;
|c 2017
|
| 300 |
|
|
|a 77 stran :
|b barevné ilustrace ;
|c 26 cm
|
| 336 |
|
|
|a text
|b txt
|2 rdacontent
|
| 336 |
|
|
|a statický obraz
|b sti
|2 rdacontent
|
| 337 |
|
|
|a bez média
|b n
|2 rdamedia
|
| 338 |
|
|
|a svazek
|b nc
|2 rdacarrier
|
| 500 |
|
|
|a Souběžný název z obálky
|
| 500 |
|
|
|a Na obálce nápis též Braillovým písmem
|
| 500 |
|
|
|a Text Pavel Jurda, fotografie Roman Franc
|
| 500 |
|
|
|a 600 výtisků
|
| 546 |
|
|
|a Souběžný anglický text
|
| 650 |
0 |
7 |
|a nevidomí
|7 ph123276
|2 czenas
|
| 650 |
0 |
7 |
|a cesty a pobyt
|7 ph137578
|z Spojené státy americké
|2 czenas
|
| 650 |
0 |
9 |
|a blind
|2 eczenas
|
| 650 |
0 |
9 |
|a travels and stays
|z United States
|2 eczenas
|
| 651 |
|
7 |
|a Arizona
|7 ge128677
|2 czenas
|
| 651 |
|
7 |
|a Utah
|7 ge131221
|2 czenas
|
| 651 |
|
7 |
|a Nové Mexiko
|7 ge134398
|2 czenas
|
| 651 |
|
9 |
|a Arizona
|2 eczenas
|
| 651 |
|
9 |
|a Utah
|2 eczenas
|
| 651 |
|
9 |
|a New Mexico
|2 eczenas
|
| 655 |
|
7 |
|a české příběhy
|7 fd133973
|2 czenas
|
| 655 |
|
7 |
|a fotografické publikace
|7 fd132276
|2 czenas
|
| 655 |
|
9 |
|a Czech stories
|2 eczenas
|
| 655 |
|
9 |
|a photographical works
|2 eczenas
|
| 700 |
1 |
|
|a Franc, Roman,
|d 1983-
|7 jo2013772866
|4 pht
|4 pbl
|
| 700 |
1 |
|
|a Ficová, Sylva,
|d 1970-
|7 ola2003199768
|4 trl
|
| 700 |
1 |
|
|a Beauchamp, Michael
|4 trl
|
| 700 |
1 |
2 |
|a Jurda, Pavel,
|d 1970-
|t Jmenuji se Hladový Bizon
|
| 700 |
1 |
2 |
|a Jurda, Pavel,
|d 1970-
|t Jmenuji se Hladový Bizon.
|l Anglicky
|
| 856 |
4 |
1 |
|u https://www.digitalniknihovna.cz/mzk/uuid/uuid:4ba85750-46fb-11e9-8854-005056827e51
|y Digitalizovaný dokument
|x NDK
|
| 910 |
2 |
|
|a BOA001
|b 3-1403.237
|
| 990 |
|
|
|a BK
|
| 995 |
|
|
|a 01
|
| 991 |
|
|
|b 201802
|c NOV
|
| 996 |
6 |
|
|b 2610734786
|c 3-1403.237
|l MZK
|r Sklad / do 1 hodiny
|n 1
|p p.v.
|w 001651449
|u 000010
|a 1
|e BOA001
|j MZK50
|s P
|